| 000 | 01706nam a22001817a 4500 | ||
|---|---|---|---|
| 008 | 200205b xxu||||| |||| 00| 0 eng d | ||
| 020 | _a9780071315524 | ||
| 050 | _aHG4521.H579(10e) | ||
| 100 | _aHirt, Geoffrey A. | ||
| 245 |
_aFundamentals of investment management. / _cGeoffrey A. Hirt and Stanley B. Block. |
||
| 250 | _a10th ed. | ||
| 260 |
_aNew York : _bMcGraw-Hill/ Irwin, _c2012. |
||
| 300 |
_axxxi, 656 p. : _bill. ; _c28 cm. |
||
| 500 | _aIncludes appendices and index. | ||
| 505 | _aContents: Part one: Introduction to investments: The investment setting -- Security markets -- Participating in the market -- Investment companies: mutual funds, exchange-traded funds, Closed-end funds, and unit investment trusts -- Part two: Analysis and valuation of equity securities: Economic activity -- Industry analysis -- Valuation of the individual firm -- Financial statement analysis -- Part three: Issues in efficient markets: Efficient markets and anomalies -- Behavioural finance and technical analysis -- Part four: Fixed-income and leveraged securities: Bond and fixed-income fundamentals -- Principles of bond valuation and investment -- Convertible securities and warrants -- Part five: Derivative products: Put and call options -- Commodities and financial futures -- Stock index future and options -- Part six: Broadening the investment perspective: A basic look at portfolio management and capital market theory -- Duration and bond Portfolio management -- International securities markets -- Investments in real assets -- Alternative investments: private equity and hedge funds -- Measuring risks and returns of portfolio managers. | ||
| 700 | _aBlock, Stanley B. | ||
| 942 |
_2lcc _cBK |
||
| 999 |
_c7067 _d14567 |
||